[Event "FIRST FIRST SATURDAY TOURN Budapest FM-B"]
[Site "Budapest"]
[Date "2012.04.07"]
[Round "1.2"]
[White "Mayer, Istvan"]
[Black "Berta, Sandor"]
[Result "1/2-1/2"]
[WhiteElo "2063"]
[BlackElo "1895"]
[PlyCount "113"]
[EventDate "2012.04.07"]

1. e4 c5 2. Nf3 e6 3. Nc3 a6 4. g3 Nc6 5. Bg2 d6 6. O-O Qc7 7. d4 cxd4 8. Nxd4
Nf6 9. Nce2 Be7 10. b3 O-O 11. c4 Rd8 12. Ba3 Bd7 13. Qc1 Rac8 14. Qb2 Be8 15.
Rac1 Ne5 16. Rfd1 Ned7 17. Qd2 Nc5 18. Nc3 Qa5 19. Nc2 Qb6 20. Qe2 Bf8 21. Bb2
h5 22. Ne3 Bc6 23. Qc2 Be7 24. h4 Nfd7 25. Qe2 Nf6 26. Nc2 Be8 27. Nd4 Bf8 28.
Rb1 Ncd7 29. Nc2 Ne5 30. Ne3 g6 31. Na4 Bxa4 32. bxa4 Qa5 33. Bd4 Qxa4 34. Rxb7
Nfd7 35. Rdb1 Nc5 36. R7b4 Qd7 37. Bxc5 dxc5 38. Rb6 Rc6 39. Qb2 Bg7 40. Qa3
Qa7 41. Qa5 Rxb6 42. Rxb6 Qc7 43. Qxa6 Bh6 44. Rb7 Qc8 45. f4 Nc6 46. Qb6 Rd7
47. Rxd7 Qxd7 48. Qxc5 Qd3 49. Nf1 Nd4 50. a4 Bf8 51. Qb6 Qxc4 52. a5 Bc5 53.
Qd8+ Kg7 54. Kh2 Qe2 55. e5 Nf3+ 56. Kh3 Ng1+ 57. Kh2 1/2-1/2

[Event "FIRST FIRST SATURDAY TOURN Budapest FM-B"]
[Site "Budapest"]
[Date "2012.04.07"]
[Round "1.3"]
[White "Szabo, Miklos"]
[Black "Lukacs, Albert"]
[Result "0-1"]
[WhiteElo "1355"]
[BlackElo "1735"]
[PlyCount "54"]
[EventDate "2012.04.07"]

1. e4 c5 2. Nf3 e6 3. Nc3 a6 4. a4 d5 5. Be2 d4 6. Nb1 Nf6 7. d3 Qc7 8. Bg5 Nc6
9. Nbd2 Be7 10. Nf1 h6 11. Bh4 g5 12. Bg3 Bd6 13. Bxd6 Qxd6 14. Ng3 Rg8 15. Qd2
Bd7 16. c3 O-O-O 17. cxd4 Nxd4 18. Nxd4 Qxd4 19. Rb1 Kb8 20. Qc2 Bxa4 21. Qc3
Qxc3+ 22. bxc3 Bc2 23. Rb2 Bxd3 24. O-O Bxe2 25. Rxe2 Rd3 26. Re3 Rgd8 27. Rfe1
c4 0-1

[Event "FIRST FIRST SATURDAY TOURN Budapest FM-B"]
[Site "Budapest"]
[Date "2012.04.08"]
[Round "2.1"]
[White "Holtzmann, Sonny Reimer"]
[Black "Lukacs, Albert"]
[Result "1/2-1/2"]
[WhiteElo "1668"]
[BlackElo "1735"]
[PlyCount "80"]
[EventDate "2012.04.07"]

1. d4 d5 2. c4 e6 3. Nf3 Nf6 4. Bg5 a6 5. Nc3 Bb4 6. Qa4+ Nc6 7. e3 Bd7 8. Qc2
h6 9. Bh4 Ne7 10. a3 Bxc3+ 11. bxc3 Nf5 12. Bg3 O-O 13. cxd5 exd5 14. Be5 Qe7
15. Bd3 Nd6 16. O-O Bb5 17. a4 Bxd3 18. Qxd3 a5 19. Bxf6 Qxf6 20. Ne5 Qe6 21.
Rac1 f6 22. Ng6 Rfe8 23. Nf4 Qf7 24. h4 g5 25. Qg6+ Qxg6 26. Nxg6 Kg7 27. h5
Re4 28. Rfe1 Rae8 29. Rb1 b6 30. g3 Nf5 31. Rb5 Rd8 32. Kg2 Kf7 33. Kf3 Re6 34.
g4 Nd6 35. Rb3 Ne4 36. Rc1 Nd2+ 37. Ke2 Nxb3 38. Rb1 Nxd4+ 39. cxd4 Rc6 40. Kd3
Rc4 1/2-1/2

[Event "FIRST FIRST SATURDAY TOURN Budapest FM-B"]
[Site "Budapest"]
[Date "2012.04.09"]
[Round "3.1"]
[White "Mayer, Istvan"]
[Black "Holtzmann, Sonny Reimer"]
[Result "1-0"]
[WhiteElo "2063"]
[BlackElo "1668"]
[PlyCount "119"]
[EventDate "2012.04.07"]

1. e4 c6 2. d4 d5 3. Nc3 dxe4 4. Nxe4 Bf5 5. Ng3 Bg6 6. Nf3 Nd7 7. h4 h6 8. Bd3
Bxd3 9. Qxd3 Ngf6 10. Bd2 e6 11. O-O-O Qc7 12. Kb1 O-O-O 13. c4 Bd6 14. Ne4
Nxe4 15. Qxe4 Nf6 16. Qe2 c5 17. Bc3 Rhe8 18. Rhe1 Kb8 19. dxc5 Bxc5 20. Be5
Bd6 21. Rxd6 Rxd6 22. Nd4 a6 23. Nb3 Nd7 24. Bxd6 Qxd6 25. Rd1 Qe5 26. Qf3 Nf6
27. g4 Kc7 28. c5 Qe4+ 29. Qxe4 Nxe4 30. f3 Nf6 31. Na5 Nd5 32. Nc4 f6 33. g5
Rd8 34. Re1 e5 35. gxh6 gxh6 36. Rg1 Nf4 37. Nd6 Kc6 38. Rg7 Rd7 39. Rxd7 Kxd7
40. Nxb7 Kc6 41. Nd6 Kxc5 42. Ne4+ Kd4 43. Nxf6 Ng6 44. h5 Nf4 45. Ng4 Nxh5 46.
Nxh6 Ke3 47. Nf7 e4 48. fxe4 Kxe4 49. Kc2 Kd5 50. Kb3 Kc5 51. Ka4 Kb6 52. Ne5
Nf4 53. b4 Nd5 54. Kb3 Nc7 55. a4 a5 56. Nc4+ Ka6 57. Nxa5 Nd5 58. Nc4 Nc7 59.
Ne3 Kb6 60. Kc4 1-0

[Event "FIRST FIRST SATURDAY TOURN Budapest FM-B"]
[Site "Budapest"]
[Date "2012.04.09"]
[Round "3.3"]
[White "Lukacs, Albert"]
[Black "Berta, Sandor"]
[Result "1/2-1/2"]
[WhiteElo "1735"]
[BlackElo "1895"]
[PlyCount "47"]
[EventDate "2012.04.07"]

1. e4 c5 2. Nf3 e6 3. d4 cxd4 4. Nxd4 a6 5. c4 Qc7 6. Be2 Nf6 7. Qc2 b5 8. Be3
Bb7 9. f3 e5 10. cxb5 Qa5+ 11. Bd2 Qb6 12. Nf5 axb5 13. Nc3 Bc6 14. Bxb5 g6 15.
Bg5 gxf5 16. Bxf6 Bxb5 17. Bxh8 Qe3+ 18. Kd1 Ba4 19. Nxa4 Rxa4 20. Qxa4 Qd3+
21. Ke1 Qe3+ 22. Kd1 Qd3+ 23. Ke1 Qe3+ 24. Kd1 1/2-1/2

[Event "FIRST FIRST SATURDAY TOURN Budapest FM-B"]
[Site "Budapest"]
[Date "2012.04.10"]
[Round "4.1"]
[White "Holtzmann, Sonny Reimer"]
[Black "Berta, Sandor"]
[Result "1-0"]
[WhiteElo "1668"]
[BlackElo "1895"]
[PlyCount "113"]
[EventDate "2012.04.07"]

1. d4 c5 2. d5 e6 3. c4 Nf6 4. Nc3 d6 5. Nf3 exd5 6. cxd5 g6 7. Nd2 Bg7 8. Nc4
O-O 9. Bf4 Ne8 10. e4 Qe7 11. Bd3 Bd7 12. a4 Na6 13. O-O Nb4 14. Bb1 Rb8 15.
Qd2 b6 16. Re1 f6 17. Ra3 a6 18. Na2 b5 19. axb5 Nxa2 20. Rxa2 axb5 21. Ne3 Bc8
22. Bc2 h5 23. f3 h4 24. h3 g5 25. Bh2 f5 26. Nxf5 Bxf5 27. exf5 Bd4+ 28. Kf1
Qg7 29. Be4 Rd8 30. Rea1 Rf7 31. Ra8 Rxa8 32. Rxa8 Rf8 33. b3 c4 34. bxc4 bxc4
35. Rd8 Bc5 36. Ra8 Nc7 37. Rxf8+ Kxf8 38. Qd1 Nb5 39. Bg1 Bb4 40. Be3 Nc3 41.
Qd4 Qxd4 42. Bxd4 Nxe4 43. fxe4 c3 44. Ke2 c2 45. Bb2 Bc3 46. Bc1 Bf6 47. Kd3
Ke8 48. Kxc2 Kd7 49. Bb2 Bd8 50. Kd3 Ke7 51. Ke2 Ba5 52. Ba3 Bc3 53. Kd3 Be5
54. Bb4 Kf6 55. Ba5 Ke7 56. Kc4 Bf6 57. Bd2 1-0

[Event "FIRST FIRST SATURDAY TOURN Budapest FM-B"]
[Site "Budapest"]
[Date "2012.04.10"]
[Round "4.3"]
[White "Mayer, Istvan"]
[Black "Szabo, Miklos"]
[Result "1-0"]
[WhiteElo "2063"]
[BlackElo "1355"]
[PlyCount "41"]
[EventDate "2012.04.07"]

1. e4 e5 2. Nf3 Nc6 3. Bb5 a6 4. Ba4 Nf6 5. O-O Be7 6. d4 exd4 7. e5 Ne4 8. c3
b5 9. Bc2 d5 10. Nxd4 Nxe5 11. f3 Nf6 12. Re1 c5 13. Bf4 Nxf3+ 14. Nxf3 Bg4 15.
Qe2 Bxf3 16. Qxf3 O-O 17. Nd2 d4 18. Ne4 Nd5 19. Rad1 Qb6 20. Nf2 Nf6 21. Rxe7
1-0

[Event "FIRST FIRST SATURDAY TOURN Budapest FM-B"]
[Site "Budapest"]
[Date "2012.04.11"]
[Round "5.1"]
[White "Szabo, Miklos"]
[Black "Holtzmann, Sonny Reimer"]
[Result "0-1"]
[WhiteElo "1355"]
[BlackElo "1668"]
[PlyCount "92"]
[EventDate "2012.04.07"]

1. e4 c6 2. d4 d5 3. Nc3 dxe4 4. Nxe4 Bf5 5. Ng3 Bg6 6. Nf3 Nd7 7. h4 h6 8. Bd3
Bxd3 9. Qxd3 Ngf6 10. Bd2 e6 11. O-O-O Qc7 12. Kb1 O-O-O 13. Qe2 Bd6 14. Rhe1
Bxg3 15. fxg3 Qxg3 16. c4 Rhe8 17. Bb4 Ng4 18. Rf1 Ndf6 19. Be1 Qc7 20. g3 c5
21. Bc3 Qxg3 22. dxc5 Rxd1+ 23. Rxd1 Qf2 24. Qd3 Qe3 25. Ne5 Qxd3+ 26. Rxd3
Nxe5 27. Bxe5 Nh5 28. b4 Rd8 29. Kc2 Rxd3 30. Kxd3 Kd7 31. a4 a6 32. Ke4 Nf6+
33. Kf4 Ne8 34. h5 f6 35. Bc3 Nc7 36. Bb2 Kc6 37. Ke4 a5 38. b5+ Kxc5 39. Kd3
Ne8 40. Bd4+ Kb4 41. b6 e5 42. Bc3+ Kxa4 43. c5 Kb5 44. c6 Kxc6 45. Bxa5 f5 46.
Kc4 Nf6 0-1

[Event "FIRST FIRST SATURDAY TOURN Budapest FM-B"]
[Site "Budapest"]
[Date "2012.04.11"]
[Round "5.2"]
[White "Lukacs, Albert"]
[Black "Mayer, Istvan"]
[Result "1-0"]
[WhiteElo "1735"]
[BlackElo "2063"]
[PlyCount "90"]
[EventDate "2012.04.07"]

1. e4 e6 2. d4 d5 3. Nd2 Nf6 4. Bd3 c5 5. c3 Nc6 6. Ngf3 Qb6 7. dxc5 Bxc5 8.
O-O h6 9. b4 Bd6 10. Re1 Ne5 11. Bf1 Bd7 12. exd5 Nxf3+ 13. Nxf3 O-O 14. dxe6
Bxe6 15. Qd4 Rfc8 16. Bxh6 Qxd4 17. Nxd4 gxh6 18. Nxe6 fxe6 19. Rxe6 Rc6 20.
Rae1 Bf8 21. Rxc6 bxc6 22. Re6 Kg7 23. Rxc6 a5 24. b5 Nd5 25. a4 Ra7 26. c4 Ne7
27. Rc5 Ng6 28. Rf5 Ne7 29. Rh5 Nc8 30. c5 Kg6 31. g4 Rc7 32. b6 Rf7 33. Rf5
Ne7 34. Rxf7 Kxf7 35. Bb5 Nc6 36. Bxc6 Bxc5 37. b7 Bd6 38. Kg2 Kf6 39. h4 Ke5
40. Kf3 Bb8 41. Ke3 Ba7+ 42. Kd3 Kd6 43. g5 hxg5 44. hxg5 Ke5 45. g6 Kf6 1-0

[Event "FIRST FIRST SATURDAY TOURN Budapest FM-B"]
[Site "Budapest"]
[Date "2012.04.13"]
[Round "6.2"]
[White "Berta, Sandor"]
[Black "Mayer, Istvan"]
[Result "0-1"]
[WhiteElo "1895"]
[BlackElo "2063"]
[PlyCount "78"]
[EventDate "2012.04.07"]

1. e4 e6 2. d4 d5 3. Nc3 Nf6 4. e5 Nfd7 5. f4 c5 6. Nf3 Nc6 7. Be3 Qb6 8. Na4
Qa5+ 9. c3 cxd4 10. Nxd4 Nxd4 11. Bxd4 b5 12. Nc5 Bxc5 13. Bxc5 Nxc5 14. b4 Qa3
15. bxc5 Qxc3+ 16. Kf2 Qxc5+ 17. Kf3 Bd7 18. Bd3 O-O 19. Rc1 Qb6 20. Bb1 Rac8
21. Qd3 g6 22. h4 b4 23. h5 Rxc1 24. Rxc1 Rc8 25. Rxc8+ Bxc8 26. h6 Qc6 27. Kg4
Ba6 28. Qd4 Be2+ 29. Kh4 Qc4 30. Qe3 Bd1 31. Bd3 Qc7 32. Qd2 Qe7+ 33. Kh3 Ba4
34. Qc1 Qf8 35. f5 exf5 36. Bxf5 Qe8 37. Qb2 gxf5 38. e6 f6 39. Qxf6 Qh5+ 0-1

[Event "FIRST FIRST SATURDAY TOURN Budapest FM-B"]
[Site "Budapest"]
[Date "2012.04.13"]
[Round "6.3"]
[White "Lukacs, Albert"]
[Black "Szabo, Miklos"]
[Result "1-0"]
[WhiteElo "1735"]
[BlackElo "1355"]
[PlyCount "51"]
[EventDate "2012.04.07"]

1. e4 e5 2. Nc3 Nc6 3. Bc4 Nf6 4. d3 h6 5. f4 Bc5 6. Nf3 exf4 7. Bxf4 O-O 8.
Qd2 d6 9. O-O-O Bg4 10. h3 Be6 11. Bxe6 fxe6 12. Ne2 a5 13. Be3 Bxe3 14. Qxe3
e5 15. Ng3 Ne7 16. Rhf1 Kh7 17. d4 Ng6 18. dxe5 Ng8 19. Nf5 Nxe5 20. Nxe5 Qg5
21. Qxg5 hxg5 22. Nf3 Kg6 23. g4 Rf7 24. e5 Ne7 25. exd6 Nxf5 26. Ne5+ 1-0

[Event "FIRST FIRST SATURDAY TOURN Budapest FM-B"]
[Site "Budapest"]
[Date "2012.04.14"]
[Round "7.1"]
[White "Lukacs, Albert"]
[Black "Holtzmann, Sonny Reimer"]
[Result "1/2-1/2"]
[WhiteElo "1735"]
[BlackElo "1668"]
[PlyCount "55"]
[EventDate "2012.04.07"]

1. e4 d5 2. exd5 Qxd5 3. d4 c6 4. c4 Qd8 5. Nf3 Bf5 6. Bd3 Bxd3 7. Qxd3 Nf6 8.
Nc3 e6 9. Be3 Nbd7 10. h3 Be7 11. g4 h6 12. O-O-O Qc7 13. g5 hxg5 14. Nxg5 Rf8
15. Kb1 O-O-O 16. Na4 Nc5 17. Qc2 Nxa4 18. Qxa4 b6 19. Nf3 Kb7 20. Rd3 Nd7 21.
b4 Rh8 22. Ra3 Ka8 23. h4 c5 24. bxc5 bxc5 25. Bf4 Qb7+ 26. Ka1 Nb6 27. Qb5
cxd4 28. Rd3 1/2-1/2

[Event "FIRST FIRST SATURDAY TOURN Budapest FM-B"]
[Site "Budapest"]
[Date "2012.04.14"]
[Round "7.2"]
[White "Szabo, Miklos"]
[Black "Berta, Sandor"]
[Result "0-1"]
[WhiteElo "1355"]
[BlackElo "1895"]
[PlyCount "60"]
[EventDate "2012.04.07"]

1. e4 Nf6 2. e5 Nd5 3. c4 Nb6 4. Nf3 d6 5. Be2 g6 6. Nc3 Bg7 7. d4 O-O 8. O-O
Nc6 9. Be3 Bg4 10. Bf4 Bxf3 11. gxf3 dxe5 12. dxe5 Nxe5 13. c5 Nbd7 14. Ne4 Nc6
15. Qc1 Nd4 16. Re1 e5 17. Bh6 Nb8 18. Bg5 f6 19. Qc4+ Kh8 20. Be3 Nbc6 21. b4
f5 22. Ng5 Qf6 23. f4 Nxe2+ 24. Rxe2 exf4 25. Qxf4 Qxa1+ 26. Kg2 Qd1 27. Rd2
Qg4+ 28. Qg3 Qxg3+ 29. fxg3 Rae8 30. Kf3 h6 0-1

[Event "FIRST FIRST SATURDAY TOURN Budapest FM-B"]
[Site "Budapest"]
[Date "2012.04.15"]
[Round "8.1"]
[White "Holtzmann, Sonny Reimer"]
[Black "Mayer, Istvan"]
[Result "0-1"]
[WhiteElo "1668"]
[BlackElo "2063"]
[PlyCount "66"]
[EventDate "2012.04.07"]

1. d4 d5 2. c4 dxc4 3. e3 a6 4. Bxc4 Nf6 5. Nf3 b5 6. Be2 Bb7 7. a3 e6 8. Nc3
Nbd7 9. O-O h6 10. Nd2 c5 11. dxc5 Bxc5 12. b4 Bb6 13. Bf3 Bxf3 14. Nxf3 Qc7
15. Bb2 Rd8 16. Qe2 Ba7 17. Rac1 Qb7 18. Rfd1 O-O 19. Nb1 Nd5 20. Nbd2 N7b6 21.
Nd4 Na4 22. Ba1 Rc8 23. Qf3 Rxc1 24. Rxc1 Rc8 25. N2b3 Rc4 26. Rxc4 bxc4 27.
Na5 Qc7 28. Ndc6 c3 29. Qd1 Bxe3 30. Qxa4 Bxf2+ 31. Kh1 Bb6 32. Qc2 Qf4 33. Qd1
c2 0-1

[Event "FIRST FIRST SATURDAY TOURN Budapest FM-B"]
[Site "Budapest"]
[Date "2012.04.15"]
[Round "8.3"]
[White "Berta, Sandor"]
[Black "Lukacs, Albert"]
[Result "1-0"]
[WhiteElo "1895"]
[BlackElo "1735"]
[PlyCount "41"]
[EventDate "2012.04.07"]

1. e4 e5 2. Nf3 d5 3. exd5 Qxd5 4. Nc3 Qd8 5. Nxe5 Bd6 6. Qe2 Ne7 7. Nf3 O-O 8.
d4 h6 9. Be3 Bg4 10. O-O-O Nd7 11. Qd2 Ng6 12. Bc4 Nb6 13. Bb3 Qd7 14. h4 Rfe8
15. h5 Nf8 16. Rdg1 a5 17. a3 a4 18. Ba2 c6 19. Nh4 Nh7 20. f3 Bxh5 21. Bxh6
1-0

[Event "FIRST FIRST SATURDAY TOURN Budapest FM-B"]
[Site "Budapest"]
[Date "2012.04.17"]
[Round "10.1"]
[White "Holtzmann, Sonny Reimer"]
[Black "Szabo, Miklos"]
[Result "1-0"]
[WhiteElo "1668"]
[BlackElo "1355"]
[PlyCount "46"]
[EventDate "2012.04.07"]

1. d4 d5 2. c4 e6 3. Nc3 Nf6 4. cxd5 exd5 5. Bg5 c6 6. e3 Be7 7. Bd3 Nbd7 8.
Nge2 Nf8 9. Qc2 Ne6 10. Bh4 g6 11. f3 O-O 12. O-O Re8 13. Rad1 Nd7 14. Bxe7
Qxe7 15. e4 Qg5 16. f4 Qh5 17. e5 f5 18. Rf3 Qh6 19. Rg3 Rf8 20. Rf1 Rf7 21.
Bxf5 Rxf5 22. Qxf5 Ng5 23. Qxg5 Nf6 1-0